[Event "Mitropa Cup 18th"]
[Site "Portoroz"]
[Date "1998.??.??"]
[Round "6"]
[White "Nikolac, Juraj"]
[Black "Neubauer, Martin"]
[Result "1-0"]
[WhiteElo "2450"]
[BlackElo "2305"]
[PlyCount "113"]
[EventDate "1998.07.??"]
[EventType "team-tourn"]
[EventRounds "9"]
[EventCountry "SLO"]
[Source "ChessBase"]
[SourceDate "1998.11.10"]

1. Nf3 g6 2. d4 Nf6 3. c4 Bg7 4. Nc3 d5 5. cxd5 Nxd5 6. Bd2 c5 7. e4 Nxc3 8.
Bxc3 Bg4 9. Qa4+ Nd7 10. Ne5 Bxe5 11. dxe5 O-O 12. h3 Be6 13. Be2 a6 14. Qc2 b5
15. f4 b4 16. Bd2 Qb6 17. Be3 b3 18. axb3 Bxb3 19. Qc3 Rfb8 20. O-O a5 21. Rf2
a4 22. Bg4 e6 23. Qe1 Qc6 24. Be2 Bc2 25. f5 Bxe4 26. fxe6 Qxe6 27. Bg4 Qe7 28.
Bxd7 Qxd7 29. Bxc5 Qc6 30. Bd6 Rc8 31. Qe3 Bd5 32. Be7 Rab8 33. Qh6 Qe8 34. Bf6
Qf8 35. Qxf8+ Kxf8 36. Rxa4 h5 37. Kh2 Rb7 38. Rd2 Be6 39. Rad4 Rbb8 40. b4 Ke8
41. b5 Bc4 42. b6 Ba6 43. g4 Bb7 44. Kg3 Kf8 45. Kh4 Kg8 46. gxh5 gxh5 47. Kxh5
Kh7 48. Rd8 Bf3+ 49. Kg5 Rxd8 50. Rxd8 Rxd8 51. Bxd8 Kg7 52. Be7 Bb7 53. h4 Be4
54. h5 Bd5 55. h6+ Kh7 56. Bc5 Be4 57. Be3 1-0

[Event "Mitropa Cup 18th"]
[Site "Portoroz"]
[Date "1998.??.??"]
[Round "6"]
[White "Plachetka, Jan"]
[Black "Pavasovic, Dusko"]
[Result "1/2-1/2"]
[WhiteElo "2400"]
[BlackElo "2475"]
[PlyCount "32"]
[EventDate "1998.07.??"]
[EventType "team-tourn"]
[EventRounds "9"]
[EventCountry "SLO"]
[Source "ChessBase"]
[SourceDate "1998.11.10"]

1. c4 e6 2. Nf3 d5 3. g3 Nf6 4. Bg2 dxc4 5. Qa4+ Nbd7 6. O-O a6 7. Qxc4 b5 8.
Qc2 Bb7 9. a4 c5 10. axb5 axb5 11. Rxa8 Qxa8 12. Na3 Qa6 13. d3 Be7 14. Qb3 b4
15. Nc4 O-O 16. Bf4 Ra8 1/2-1/2

[Event "Mitropa Cup 18th"]
[Site "Portoroz"]
[Date "1998.??.??"]
[Round "6"]
[White "Polak, Tomas"]
[Black "Kindermann, Stefan"]
[Result "1/2-1/2"]
[WhiteElo "2525"]
[BlackElo "2540"]
[PlyCount "29"]
[EventDate "1998.07.??"]
[EventType "team-tourn"]
[EventRounds "9"]
[EventCountry "SLO"]
[Source "ChessBase"]
[SourceDate "1998.11.10"]

1. d4 Nf6 2. c4 g6 3. Nc3 Bg7 4. e4 d6 5. Nf3 O-O 6. Be2 e5 7. d5 Na6 8. Nd2
Bd7 9. a3 c5 10. h4 h5 11. Nf3 Ng4 12. Ng5 f5 13. f3 Nh6 14. Nb5 Rf6 15. Be3
1/2-1/2

[Event "Mitropa Cup 18th"]
[Site "Portoroz"]
[Date "1998.??.??"]
[Round "6"]
[White "Weiss, Christian"]
[Black "Kovacevic, Vlatko"]
[Result "1/2-1/2"]
[WhiteElo "2370"]
[BlackElo "2520"]
[PlyCount "83"]
[EventDate "1998.07.??"]
[EventType "team-tourn"]
[EventRounds "9"]
[EventCountry "SLO"]
[Source "ChessBase"]
[SourceDate "1998.11.10"]

1. c4 f5 2. d4 Nf6 3. Nc3 g6 4. g3 d6 5. Bg2 c6 6. Nf3 Bg7 7. O-O O-O 8. Rb1 a5
9. d5 e5 10. dxe6 Bxe6 11. b3 Na6 12. Nd4 Bf7 13. Bb2 Nc5 14. Qc2 Qe7 15. Rbd1
Nce4 16. Nxe4 fxe4 17. Qc1 Rfe8 18. f3 exf3 19. Nxf3 Ng4 20. Bxg7 Kxg7 21. Ng5
Bg8 22. Qa1+ Ne5 23. Ne4 Rad8 24. Bh3 h5 25. c5 dxc5 26. Nf6 Rf8 27. Rxd8 Rxd8
28. Nd7 Rxd7 29. Bxd7 c4 30. Qd4 cxb3 31. axb3 Kh7 32. Bc8 b5 33. Rf4 Bd5 34.
Bh3 Nf7 35. Bg2 Ng5 36. Bxd5 Nh3+ 37. Kf1 Nxf4 38. gxf4 cxd5 39. Qxd5 Qb4 40.
Qf7+ Kh6 41. Qf6 Kh7 42. Qf7+ 1/2-1/2

[Event "Mitropa Cup 18th"]
[Site "Portoroz"]
[Date "1998.??.??"]
[Round "6"]
[White "Zelcic, Robert"]
[Black "Baumegger, Siegfried"]
[Result "1-0"]
[WhiteElo "2585"]
[BlackElo "2360"]
[PlyCount "107"]
[EventDate "1998.07.??"]
[EventType "team-tourn"]
[EventRounds "9"]
[EventCountry "SLO"]
[Source "ChessBase"]
[SourceDate "1998.11.10"]

1. e4 e5 2. Nf3 Nc6 3. d4 exd4 4. Nxd4 Nf6 5. Nxc6 bxc6 6. e5 Ne4 7. Nd2 Nxd2
8. Bxd2 d5 9. Bd3 Be6 10. O-O Qd7 11. f4 Bc5+ 12. Kh1 Bf5 13. Qh5 g6 14. Bxf5
Qxf5 15. Qf3 Qxc2 16. Ba5 Bb6 17. Bb4 Qe4 18. Qa3 O-O-O 19. Rae1 Qc4 20. Rc1
Qb5 21. Rf3 d4 22. Rb3 Kb7 23. Be7 Qe2 24. Bxd8 Qd2 25. Rf1 Rxd8 26. Rd3 Qe2
27. Rfd1 Rd5 28. R3d2 Qe3 29. Qe7 Qxf4 30. Qf6 Qxf6 31. exf6 Rf5 32. g4 Rxf6
33. Kg2 Re6 34. Rf2 f6 35. Rdf1 Re4 36. Rf4 f5 37. gxf5 gxf5 38. Rxf5 d3 39.
Rd1 Re2+ 40. Kg3 d2 41. Rff1 Bd4 42. h4 Ka6 43. Kf3 Rh2 44. Rh1 Rf2+ 45. Ke4
Bg7 46. Ke3 Rf7 47. Kxd2 Bxb2 48. Rhf1 Rg7 49. Kc2 Be5 50. Rg1 Rf7 51. Rdf1 Rd7
52. Rb1 Bd4 53. Rgd1 c5 54. Rd3 1-0

[Event "Mitropa Cup 18th"]
[Site "Portoroz"]
[Date "1998.??.??"]
[Round "7"]
[White "Baumegger, Siegfried"]
[Black "Touzane, Olivier"]
[Result "0-1"]
[WhiteElo "2360"]
[BlackElo "2350"]
[PlyCount "66"]
[EventDate "1998.07.??"]
[EventType "team-tourn"]
[EventRounds "9"]
[EventCountry "SLO"]
[Source "ChessBase"]
[SourceDate "1998.11.10"]

1. e4 c5 2. Nc3 d6 3. g3 Nc6 4. Bg2 g6 5. d3 Bg7 6. Be3 e6 7. Qd2 Nd4 8. Nd1
Ne7 9. c3 Ndc6 10. Nf3 e5 11. Bh6 Bxh6 12. Qxh6 Ng8 13. Qd2 Nf6 14. O-O O-O 15.
Ne3 Ng4 16. Nc2 f5 17. exf5 gxf5 18. Nh4 f4 19. d4 cxd4 20. cxd4 Qg5 21. Rae1
Nxh2 22. dxe5 Nxf1 23. Rxf1 dxe5 24. Re1 Bg4 25. Qc3 Rae8 26. Qb3+ Be6 27. Qc3
fxg3 28. fxg3 Nd4 29. Nxd4 exd4 30. Qxd4 Qxg3 31. Re4 Rd8 32. Qa4 b5 33. Qc2
Bd5 0-1

[Event "Mitropa Cup 18th"]
[Site "Portoroz"]
[Date "1998.??.??"]
[Round "7"]
[White "Kalod, Radek"]
[Black "Rogic, Davor"]
[Result "1/2-1/2"]
[WhiteElo "2435"]
[BlackElo "2460"]
[PlyCount "97"]
[EventDate "1998.07.??"]
[EventType "team-tourn"]
[EventRounds "9"]
[EventCountry "SLO"]
[Source "ChessBase"]
[SourceDate "1998.11.10"]

1. e4 e5 2. Nf3 Nc6 3. Bc4 Bc5 4. c3 Nf6 5. d3 d6 6. b4 Bb6 7. a4 a5 8. b5 Ne7
9. O-O O-O 10. Nbd2 c6 11. bxc6 bxc6 12. Ba3 Bg4 13. h3 Bh5 14. Re1 Re8 15. Nf1
Ng6 16. Ng3 Nf4 17. Nxh5 N6xh5 18. d4 Qf6 19. Bf1 Qg6 20. Kh2 Bc7 21. g3 exd4
22. Nxd4 d5 23. Qg4 Nf6 24. Qxg6 Nxg6 25. exd5 cxd5 26. Bg2 Rac8 27. Rxe8+ Rxe8
28. Rb1 h5 29. Nb5 Bb8 30. Bd6 h4 31. Bxb8 Rxb8 32. Rd1 hxg3+ 33. fxg3 Ne7 34.
g4 g5 35. Kg3 Rc8 36. h4 gxh4+ 37. Kxh4 Kg7 38. Kg3 Rc4 39. Rd4 Rc5 40. Rd3 Rc4
41. Rd4 Rc5 42. Rd3 Nd7 43. Nd6 Ne5 44. Re3 Kf6 45. c4 Ke6 46. Nxf7 Kxf7 47.
Rxe5 Rxc4 48. Bxd5+ Nxd5 49. Rxd5 1/2-1/2

[Event "Mitropa Cup 18th"]
[Site "Portoroz"]
[Date "1998.??.??"]
[Round "7"]
[White "Kovacevic, Vlatko"]
[Black "Babula, Vlastimil"]
[Result "1-0"]
[WhiteElo "2520"]
[BlackElo "2575"]
[PlyCount "77"]
[EventDate "1998.07.??"]
[EventType "team-tourn"]
[EventRounds "9"]
[EventCountry "SLO"]
[Source "ChessBase"]
[SourceDate "1998.11.10"]

1. d4 Nf6 2. Nf3 g6 3. Bg5 Bg7 4. e3 d6 5. Be2 h6 6. Bh4 g5 7. Bg3 Nh5 8. c3 e6
9. Nfd2 Nxg3 10. hxg3 O-O 11. g4 c5 12. dxc5 dxc5 13. Ne4 Qxd1+ 14. Kxd1 Rd8+
15. Kc2 Bf8 16. Nbd2 Bd7 17. Rad1 Bc6 18. f4 Nd7 19. Bf3 gxf4 20. exf4 Bg7 21.
Nd6 Bxf3 22. gxf3 Rab8 23. N2e4 Kf8 24. Rh5 Ke7 25. g5 hxg5 26. Rh7 Rg8 27.
fxg5 Nf8 28. Rh5 Be5 29. Nf6 Bxf6 30. gxf6+ Kxf6 31. Rxc5 Rg2+ 32. Kb3 Kg6 33.
Rc7 Rd8 34. Rd3 e5 35. Nxf7 Re8 36. Nd6 Rd8 37. Nc4 Re8 38. Rxb7 Ne6 39. Ka3
1-0

[Event "Mitropa Cup 18th"]
[Site "Portoroz"]
[Date "1998.??.??"]
[Round "7"]
[White "Leski, Marc"]
[Black "Lehner, Oliver"]
[Result "1-0"]
[WhiteElo "2415"]
[BlackElo "2415"]
[PlyCount "73"]
[EventDate "1998.07.??"]
[EventType "team-tourn"]
[EventRounds "9"]
[EventCountry "SLO"]
[Source "ChessBase"]
[SourceDate "1998.11.10"]

1. Nf3 Nf6 2. d4 e6 3. g3 b5 4. Bg2 Bb7 5. O-O c5 6. c3 Na6 7. Bg5 Be7 8. Nbd2
cxd4 9. cxd4 O-O 10. a4 b4 11. Qb1 Rc8 12. Bxf6 Bxf6 13. Ng5 Bxg5 14. Bxb7 Bxd2
15. Bxa6 Rb8 16. e3 b3 17. Qd3 Qa5 18. Rfd1 Bb4 19. Bc4 d5 20. Bxb3 g6 21. e4
dxe4 22. Qxe4 Rfd8 23. Rd3 Bf8 24. Rad1 Bg7 25. d5 exd5 26. Bxd5 Bf6 27. Bxf7+
Kg7 28. Rd7 Rxd7 29. Rxd7 Rd8 30. Rb7 Kh8 31. Kg2 Qa6 32. Bc4 Qd6 33. Rxa7 Bd4
34. Rf7 Rc8 35. b4 Bg7 36. Qb7 Rb8 37. Rxg7 1-0

[Event "Mitropa Cup 18th"]
[Site "Portoroz"]
[Date "1998.??.??"]
[Round "7"]
[White "Luther, Thomas"]
[Black "Mohr, Georg"]
[Result "1/2-1/2"]
[WhiteElo "2560"]
[BlackElo "2470"]
[PlyCount "75"]
[EventDate "1998.07.??"]
[EventType "team-tourn"]
[EventRounds "9"]
[EventCountry "SLO"]
[Source "ChessBase"]
[SourceDate "1998.11.10"]

1. e4 c5 2. Nf3 Nc6 3. d4 cxd4 4. Nxd4 g6 5. c4 Nf6 6. Nc3 Nxd4 7. Qxd4 d6 8.
Bg5 Bg7 9. Be2 O-O 10. Qd2 Be6 11. O-O Qa5 12. Rad1 Rfc8 13. b3 a6 14. Bxf6
Bxf6 15. Nd5 Qxd2 16. Nxf6+ Kg7 17. Nh5+ gxh5 18. Rxd2 Rc5 19. f4 f6 20. a4 a5
21. Rf3 Rg8 22. Rg3+ Kh6 23. Rxg8 Bxg8 24. Rd3 Be6 25. Kf2 Rc8 26. Ke3 Rc5 27.
Bf3 b6 28. Rd2 Bf7 29. Kd4 Kg7 30. Re2 e5+ 31. Ke3 exf4+ 32. Kxf4 Kf8 33. h4
Be6 34. Re1 Ke7 35. Rg1 Kf7 36. g3 Re5 37. Rh1 Bd7 38. Rd1 1/2-1/2

[Event "Mitropa Cup 18th"]
[Site "Portoroz"]
[Date "1998.??.??"]
[Round "7"]
[White "Medvegy, Nora"]
[Black "Franzen, Jozef"]
[Result "1/2-1/2"]
[WhiteElo "2325"]
[BlackElo "2320"]
[PlyCount "88"]
[EventDate "1998.07.??"]
[EventType "team-tourn"]
[EventRounds "9"]
[EventCountry "SLO"]
[Source "ChessBase"]
[SourceDate "1998.11.10"]

1. e4 e5 2. Nf3 Nc6 3. d4 exd4 4. Nxd4 Nf6 5. Nxc6 bxc6 6. e5 Qe7 7. Qe2 Nd5 8.
c4 Ba6 9. b3 Qh4 10. a3 Bc5 11. g3 Bxf2+ 12. Qxf2 Qe4+ 13. Kd1 Qxh1 14. Nd2
Nc3+ 15. Kc2 Ne4 16. Nxe4 Qxe4+ 17. Bd3 Qg4 18. Bf5 Qh5 19. h4 f6 20. exf6 gxf6
21. Bb2 O-O 22. g4 Qf7 23. Rg1 Rab8 24. Bd3 d5 25. Bf5 dxc4 26. b4 c3 27. Bxc3
Rfe8 28. Kc1 Qc4 29. Qd4 Qxd4 30. Bxd4 Rbd8 31. Bxf6 Rd5 32. Bc2 Bc4 33. g5 Re2
34. Rg4 Ba2 35. Bc3 Rd6 36. g6 Rxc2+ 37. Kxc2 Rxg6 38. Re4 Rg2+ 39. Bd2 Kf7 40.
Kc3 Rg3+ 41. Be3 Be6 42. Kd4 Rg4 43. Rxg4 Bxg4 44. Ke5 a6 1/2-1/2

[Event "Mitropa Cup 18th"]
[Site "Portoroz"]
[Date "1998.??.??"]
[Round "7"]
[White "Olivier, Jean Christophe"]
[Black "Weiss, Christian"]
[Result "1/2-1/2"]
[WhiteElo "2360"]
[BlackElo "2370"]
[PlyCount "127"]
[EventDate "1998.07.??"]
[EventType "team-tourn"]
[EventRounds "9"]
[EventCountry "SLO"]
[Source "ChessBase"]
[SourceDate "1998.11.10"]

1. e4 c6 2. d4 d5 3. Nc3 dxe4 4. Nxe4 Nd7 5. Bc4 Ndf6 6. Ng5 e6 7. Ne2 Bd6 8.
c3 Ne7 9. Bf4 Ng6 10. Bxd6 Qxd6 11. Qd2 a5 12. h4 Ne7 13. Ng3 Ned5 14. N5e4
Nxe4 15. Nxe4 Qf4 16. Qxf4 Nxf4 17. Bf1 Ke7 18. c4 Rd8 19. O-O-O Nh5 20. Be2
Nf6 21. Nc3 Bd7 22. g4 Be8 23. f4 Nd7 24. Rhe1 Kf8 25. Bf1 Nb6 26. Ne4 a4 27.
Re3 Nd7 28. g5 c5 29. dxc5 Rdc8 30. Nd6 Rc7 31. c6 bxc6 32. Ne4 Ra5 33. Be2 Ke7
34. Ra3 c5 35. Rad3 Nb8 36. Nd2 Nc6 37. Nf3 Nb4 38. Ra3 f6 39. gxf6+ gxf6 40.
Rd2 Ra8 41. Bd1 Bc6 42. Rg2 Kf8 43. Rg3 Rd7 44. Be2 Rad8 45. Ne1 Rd4 46. Rg1 f5
47. Rag3 Be4 48. Ra3 Rd2 49. Bf3 Bxf3 50. Nxf3 Rc2+ 51. Kb1 Rg2 52. Rh1 h6 53.
Rxa4 Rf2 54. Ne5 Rdd2 55. Rg1 Rxb2+ 56. Ka1 Rxa2+ 57. Rxa2 Nxa2 58. Rg3 Nb4 59.
Rg6 Na2 60. Rxe6 Nc3 61. Ra6 Kg8 62. Ra8+ Kg7 63. Ra7+ Kf6 64. Ra6+ 1/2-1/2

[Event "Mitropa Cup 18th"]
[Site "Portoroz"]
[Date "1998.??.??"]
[Round "7"]
[White "Pavasovic, Dusko"]
[Black "Boensch, Uwe"]
[Result "1-0"]
[WhiteElo "2475"]
[BlackElo "2530"]
[PlyCount "131"]
[EventDate "1998.07.??"]
[EventType "team-tourn"]
[EventRounds "9"]
[EventCountry "SLO"]
[Source "ChessBase"]
[SourceDate "1998.11.10"]

1. e4 c5 2. c3 d5 3. exd5 Qxd5 4. d4 Nf6 5. Nf3 Bg4 6. dxc5 Qxc5 7. Na3 Qc8 8.
h3 Bf5 9. Bf4 a6 10. Nc4 Nbd7 11. Qe2 e6 12. O-O-O b5 13. Nd6+ Bxd6 14. Bxd6
Ne4 15. Qe3 Nxd6 16. Rxd6 O-O 17. g4 Bg6 18. h4 Qc7 19. Rd1 Nf6 20. Rg1 Nd5 21.
Qe5 Qa5 22. h5 Nxc3 23. bxc3 Qa3+ 24. Kd2 Rfd8+ 25. Nd4 Qb2+ 26. Ke3 Qxc3+ 27.
Ke2 f6 28. Qe3 Qc4+ 29. Kf3 Qa4 30. Bxb5 axb5 31. hxg6 e5 32. Qb3+ Qxb3+ 33.
Nxb3 hxg6 34. Rxd8+ Rxd8 35. Rc1 g5 36. Rc2 Ra8 37. Nd2 Ra4 38. Ne4 b4 39. Nc5
Ra3+ 40. Ke4 Kh7 41. Rb2 Rc3 42. Nd3 Rc4+ 43. Ke3 Rxg4 44. Nxb4 Rc4 45. a4 Rc5
46. Ra2 Ra5 47. Nc2 g4 48. Na1 Kg6 49. Nb3 Ra7 50. a5 Kf7 51. Rd2 Rb7 52. Rd3
Rb4 53. a6 Ra4 54. Nc5 Ra5 55. Rd7+ Kg6 56. a7 Kf5 57. Rxg7 Ra3+ 58. Ke2 Ra2+
59. Kd3 Kf4 60. Kc3 e4 61. Kb3 Ra5 62. Kb4 Rxa7 63. Rxa7 e3 64. Nd3+ Kf3 65.
Rf7 Ke2 66. Re7 1-0

[Event "Mitropa Cup 18th"]
[Site "Portoroz"]
[Date "1998.??.??"]
[Round "7"]
[White "Petran, Peter"]
[Black "Grabics, Monika"]
[Result "1-0"]
[WhiteElo "2420"]
[BlackElo "2355"]
[PlyCount "81"]
[EventDate "1998.07.??"]
[EventType "team-tourn"]
[EventRounds "9"]
[EventCountry "SLO"]
[Source "ChessBase"]
[SourceDate "1998.11.10"]

1. g3 c5 2. Bg2 g6 3. c4 Bg7 4. Nc3 Nc6 5. e3 e6 6. Nge2 Nge7 7. d4 cxd4 8.
Nxd4 Nxd4 9. exd4 d5 10. cxd5 Nxd5 11. O-O O-O 12. Nxd5 exd5 13. Be3 Be6 14.
Qb3 Qd7 15. Rfc1 Rac8 16. a4 Rc4 17. Rxc4 dxc4 18. Qb5 Rd8 19. d5 Qxb5 20. axb5
Bd7 21. Rxa7 Bxb2 22. Rxb7 c3 23. Bd4 Bf5 24. h3 Rc8 25. Ra7 Bc1 26. b6 c2 27.
b7 Rf8 28. Ra1 Ba3 29. Be3 Bd6 30. Ra6 Bc5 31. Bf4 Kg7 32. Rc6 Ba7 33. g4 Bd3
34. Rc3 Bb8 35. d6 Ba6 36. Rxc2 Re8 37. Rc1 Rd8 38. Ra1 Bb5 39. Ra8 Re8 40.
Rxb8 Rxb8 41. d7 1-0

[Event "Mitropa Cup 18th"]
[Site "Portoroz"]
[Date "1998.??.??"]
[Round "7"]
[White "Stohl, Igor"]
[Black "Lakos, Nikoletta"]
[Result "1-0"]
[WhiteElo "2540"]
[BlackElo "2385"]
[PlyCount "69"]
[EventDate "1998.07.??"]
[EventType "team-tourn"]
[EventRounds "9"]
[EventCountry "SLO"]
[Source "ChessBase"]
[SourceDate "1998.11.10"]

1. d4 Nf6 2. c4 g6 3. g3 Bg7 4. Bg2 O-O 5. Nc3 d6 6. Nf3 Nc6 7. O-O a6 8. h3
Rb8 9. e4 b5 10. e5 Ne8 11. cxb5 axb5 12. Bf4 b4 13. Ne4 h6 14. Qc1 Rb6 15.
Bxh6 dxe5 16. dxe5 Nxe5 17. Nxe5 Bxe5 18. Bxf8 Kxf8 19. Rd1 Nd6 20. Qd2 Qe8 21.
Rac1 Kg7 22. Nc5 Bf6 23. Nd3 Qa4 24. Rxc7 Qxa2 25. Nxb4 Qa4 26. Nd5 Rxb2 27.
Qc1 Bd4 28. Rd2 Rb3 29. Rxc8 Nxc8 30. Qxc8 Rxg3 31. Nxe7 Rc3 32. Qg8+ Kh6 33.
Qxf7 Qa1+ 34. Kh2 Be5+ 35. f4 1-0

[Event "Mitropa Cup 18th"]
[Site "Portoroz"]
[Date "1998.??.??"]
[Round "7"]
[White "Tabernig, Bernhard"]
[Black "Benitah, Yohan"]
[Result "1/2-1/2"]
[WhiteElo "2330"]
[BlackElo "2345"]
[PlyCount "57"]
[EventDate "1998.07.??"]
[EventType "team-tourn"]
[EventRounds "9"]
[EventCountry "SLO"]
[Source "ChessBase"]
[SourceDate "1998.11.10"]

1. d4 Nf6 2. c4 c5 3. d5 b5 4. cxb5 a6 5. bxa6 g6 6. g3 d6 7. Bg2 Bg7 8. Nc3
O-O 9. Rb1 Nxa6 10. Nh3 Qb6 11. O-O Nc7 12. Nf4 h5 13. h4 Bf5 14. e4 Bc8 15.
Qc2 Ba6 16. Re1 Ng4 17. Bf3 Ne5 18. Kg2 Rfb8 19. Be2 Bxe2 20. Qxe2 Qa6 21. Qc2
Nc4 22. Nfe2 Nb5 23. Nxb5 Qxb5 24. Nc3 Qa5 25. Re2 Rb7 26. Qd3 Ne5 27. Qc2 Nc4
28. Qd3 Ne5 29. Qc2 1/2-1/2

[Event "Mitropa Cup 18th"]
[Site "Portoroz"]
[Date "1998.??.??"]
[Round "7"]
[White "Tratar, Marko"]
[Black "Ellers, Holger"]
[Result "1/2-1/2"]
[WhiteElo "2450"]
[BlackElo "2425"]
[PlyCount "116"]
[EventDate "1998.07.??"]
[EventType "team-tourn"]
[EventRounds "9"]
[EventCountry "SLO"]
[Source "ChessBase"]
[SourceDate "1998.11.10"]

1. d4 e6 2. Nf3 Nf6 3. g3 c5 4. Bg2 Qa5+ 5. Nbd2 cxd4 6. O-O Qc7 7. Nxd4 a6 8.
c4 d6 9. b3 Be7 10. Bb2 O-O 11. Rc1 Rd8 12. e3 Bd7 13. Qe2 Nc6 14. Rfd1 Rac8
15. Ne4 Nxe4 16. Bxe4 Bf8 17. Qc2 h6 18. Qd2 Qb8 19. Nxc6 Bxc6 20. Bxc6 Rxc6
21. a4 Qc7 22. e4 Qb6 23. Qd3 Rdc8 24. Ra1 a5 25. Qf3 R6c7 26. Rd3 Rd7 27. Rad1
Rcd8 28. Qe2 Qc6 29. Ba3 g6 30. Qd2 Qxe4 31. Qxa5 d5 32. Bxf8 Kxf8 33. cxd5
exd5 34. Rd4 Qc2 35. Qb6 Kg7 36. Kg2 Qc6 37. Qb4 Rd6 38. Qd2 b6 39. Kg1 h5 40.
Qb2 Kg8 41. R1d3 Re6 42. Qd2 Re5 43. h3 Qe6 44. Kg2 Kh7 45. b4 Qe8 46. Rf3 Qe6
47. a5 bxa5 48. bxa5 Rb8 49. a6 Rb1 50. Rb4 Ra1 51. Rb7 Rf5 52. Qd3 Rxa6 53.
Rxf5 gxf5 54. Rxf7+ Qxf7 55. Qxa6 Qe7 56. Kf1 Qe4 57. Qb7+ Kg6 58. Qb6+ Kg7
1/2-1/2

[Event "Mitropa Cup 18th"]
[Site "Portoroz"]
[Date "1998.??.??"]
[Round "7"]
[White "Wilhelmi, Christian"]
[Black "Grosar, Aljosa"]
[Result "1-0"]
[WhiteElo "2470"]
[BlackElo "2450"]
[PlyCount "81"]
[EventDate "1998.07.??"]
[EventType "team-tourn"]
[EventRounds "9"]
[EventCountry "SLO"]
[Source "ChessBase"]
[SourceDate "1998.11.10"]

1. e4 Nc6 2. Nf3 d6 3. d4 Nf6 4. Nc3 Bg4 5. d5 Ne5 6. Bb5+ Ned7 7. Bg5 a6 8.
Be2 g6 9. Nd4 Bxe2 10. Qxe2 Bg7 11. Rd1 O-O 12. O-O Qc8 13. f4 Nb6 14. Nf3 c6
15. Kh1 cxd5 16. Bxf6 Bxf6 17. e5 dxe5 18. fxe5 Bg7 19. Nxd5 Nxd5 20. Rxd5 Qc6
21. Rfd1 Rac8 22. c3 Rc7 23. Qe3 h6 24. h3 Kh7 25. R1d4 Qb6 26. Qd2 Rfc8 27.
Rh4 Rc4 28. Ng5+ Kg8 29. Rxc4 Rxc4 30. Rd8+ Bf8 31. Nf3 Qc7 32. Rd7 Qb6 33. Rd8
Qc7 34. Ra8 Kg7 35. Qd3 Rc5 36. Qd4 Rc4 37. Qa7 Rc6 38. Rb8 Rb6 39. Qa8 Rxb2
40. Rxf8 Rb1+ 41. Kh2 1-0

[Event "Mitropa Cup 18th"]
[Site "Portoroz"]
[Date "1998.??.??"]
[Round "8"]
[White "Ballmann, Martin"]
[Black "Benitah, Yohan"]
[Result "1/2-1/2"]
[WhiteElo "2375"]
[BlackElo "2345"]
[PlyCount "28"]
[EventDate "1998.07.??"]
[EventType "team-tourn"]
[EventRounds "9"]
[EventCountry "SLO"]
[Source "ChessBase"]
[SourceDate "1998.11.10"]

1. d4 Nf6 2. Nf3 c5 3. c3 b6 4. Bf4 Bb7 5. e3 g6 6. Be2 Bg7 7. O-O O-O 8. a4 d5
9. a5 c4 10. axb6 axb6 11. Rxa8 Bxa8 12. Nbd2 b5 13. Qc2 Nbd7 14. Ra1 Qb6
1/2-1/2

[Event "Mitropa Cup 18th"]
[Site "Portoroz"]
[Date "1998.??.??"]
[Round "8"]
[White "Ellers, Holger"]
[Black "Medvegy, Nora"]
[Result "1/2-1/2"]
[WhiteElo "2425"]
[BlackElo "2325"]
[PlyCount "76"]
[EventDate "1998.07.??"]
[EventType "team-tourn"]
[EventRounds "9"]
[EventCountry "SLO"]
[Source "ChessBase"]
[SourceDate "1998.11.10"]

1. d4 Nf6 2. Nf3 e6 3. c4 b6 4. g3 Bb7 5. Bg2 Be7 6. Nc3 Ne4 7. Bd2 Bf6 8. O-O
O-O 9. Qc2 Nxd2 10. Qxd2 c5 11. dxc5 bxc5 12. Rfd1 Be7 13. Nb5 Qb6 14. Nd6 Bc6
15. b3 a5 16. Rab1 Ra6 17. Nb5 Bxb5 18. cxb5 Qxb5 19. e4 Rd6 20. Bf1 Qb6 21.
Qf4 Rxd1 22. Rxd1 d6 23. Nd2 Rd8 24. Nc4 Qc7 25. Qg4 Nc6 26. f4 Bf6 27. Bg2
Bd4+ 28. Kh1 d5 29. exd5 exd5 30. Na3 Qe7 31. Nc2 g6 32. h4 f5 33. Qf3 Kg7 34.
Kh2 Qd6 35. Qe2 Rd7 36. Qa6 Ra7 37. Qb6 Rd7 38. a3 Qe6 1/2-1/2

[Event "Mitropa Cup 18th"]
[Site "Portoroz"]
[Date "1998.??.??"]
[Round "8"]
[White "Forster, Richard"]
[Black "Touzane, Olivier"]
[Result "1/2-1/2"]
[WhiteElo "2475"]
[BlackElo "2350"]
[PlyCount "93"]
[EventDate "1998.07.??"]
[EventType "team-tourn"]
[EventRounds "9"]
[EventCountry "SLO"]
[Source "ChessBase"]
[SourceDate "1998.11.10"]

1. e4 c5 2. Nf3 d6 3. d4 cxd4 4. Qxd4 Nc6 5. Bb5 Bd7 6. Bxc6 Bxc6 7. Nc3 Nf6 8.
Bg5 e6 9. O-O-O Be7 10. Qd3 Qc7 11. h4 a6 12. Nd4 b5 13. Nxc6 Qxc6 14. f3 Rc8
15. Kb1 O-O 16. g4 Qc4 17. Qd2 b4 18. Ne2 a5 19. h5 h6 20. Bh4 a4 21. Nd4 Rc5
22. Qd3 Qxd3 23. cxd3 Rb8 24. Rc1 Bf8 25. Bf2 Nd7 26. Nc6 Rxc1+ 27. Rxc1 Rb7
28. d4 d5 29. exd5 exd5 30. Na5 Ra7 31. Nc6 Rb7 32. Bg3 Nb6 33. b3 f6 34. Re1
axb3 35. axb3 Na8 36. Re8 Nc7 37. Rd8 Nb5 38. Kb2 Kf7 39. Rxd5 Rb6 40. Na5 Nc3
41. Rd7+ Ke8 42. Ra7 Re6 43. Kc2 Re3 44. Nb7 Rxf3 45. Bd6 Be7 46. Bxe7 Kxe7 47.
Nc5+ 1/2-1/2

[Event "Mitropa Cup 18th"]
[Site "Portoroz"]
[Date "1998.??.??"]
[Round "8"]
[White "Grabics, Monika"]
[Black "Wilhelmi, Christian"]
[Result "0-1"]
[WhiteElo "2355"]
[BlackElo "2470"]
[PlyCount "82"]
[EventDate "1998.07.??"]
[EventType "team-tourn"]
[EventRounds "9"]
[EventCountry "SLO"]
[Source "ChessBase"]
[SourceDate "1998.11.10"]

1. e4 c5 2. Nf3 Nc6 3. d4 cxd4 4. Nxd4 Qc7 5. Nc3 e6 6. f4 a6 7. Nxc6 Qxc6 8.
Bd3 b5 9. Qe2 Bb7 10. a3 Bc5 11. Be3 Ne7 12. Bxc5 Qxc5 13. e5 d5 14. O-O-O Bc6
15. Rhf1 b4 16. axb4 Qxb4 17. Rde1 Rb8 18. Nd1 Bb5 19. g4 O-O 20. f5 Bxd3 21.
Qxd3 Qxg4 22. f6 Ng6 23. fxg7 Rfc8 24. Qxa6 Qg5+ 25. Kb1 Nxe5 26. Qa7 Qg6 27.
Re2 Nc4 28. Ref2 e5 29. Rg2 Qe6 30. Rgf2 d4 31. Rf6 Qd5 32. R1f2 Rb7 33. Qa4 d3
34. cxd3 Qxd3+ 35. Ka1 Nd2 36. Nc3 Rxb2 37. Rxf7 Nb3+ 38. Kxb2 Qxc3+ 39. Kb1
Qc1+ 40. Ka2 Qa1+ 41. Kxb3 Rb8+ 0-1

[Event "Mitropa Cup 18th"]
[Site "Portoroz"]
[Date "1998.??.??"]
[Round "8"]
[White "Grosar, Aljosa"]
[Black "Kovacevic, Vlatko"]
[Result "1/2-1/2"]
[WhiteElo "2450"]
[BlackElo "2520"]
[PlyCount "120"]
[EventDate "1998.07.??"]
[EventType "team-tourn"]
[EventRounds "9"]
[EventCountry "SLO"]
[Source "ChessBase"]
[SourceDate "1998.11.10"]

1. e4 e6 2. d4 d5 3. e5 c5 4. c3 Nc6 5. Nf3 Qb6 6. a3 Nh6 7. b4 cxd4 8. cxd4
Nf5 9. Bb2 Bd7 10. Ra2 Be7 11. h4 h5 12. Be2 Rc8 13. g3 Bxb4+ 14. Kf1 Be7 15.
Kg2 g6 16. Qd3 a6 17. Nc3 Qa7 18. Rd1 Kf8 19. Kh2 Kg7 20. Bf1 Bd8 21. Bh3 Nce7
22. Bc1 Ba5 23. Rc2 Rc4 24. Bg5 Rhc8 25. Rdc1 b5 26. Qd2 Qc7 27. Bf6+ Kh7 28.
Qf4 Be8 29. Bxe7 Qxe7 30. Nxd5 exd5 31. Bxf5 Rxc2 32. Rxc2 Rxc2 33. Bxc2 Kg7
34. Bb3 Bc6 35. Ng5 Bb6 36. g4 hxg4 37. Qxg4 Qxa3 38. Qf3 Qe7 39. Bxd5 Bxd5 40.
Qxd5 b4 41. f4 a5 42. h5 Qc7 43. h6+ Kxh6 44. Nxf7+ Kg7 45. Ng5 Qe7 46. Kg3 a4
47. Qh1 Kg8 48. Qc6 Bxd4 49. Qxg6+ Qg7 50. Qe6+ Kh8 51. Qe8+ Qg8 52. Qh5+ Kg7
53. Qg4 Bc3 54. Qd7+ Kh8 55. Kh4 a3 56. Qd6 Qg7 57. Qd8+ Qg8 58. Qd6 Qg7 59.
Kh5 a2 60. Qd8+ Qg8 1/2-1/2